[Event "Olympiad"]
[Site "Yerevan (Armenia)"]
[Round "2"]
[White "Noble Mark Frederick (NZL)"]
[Black "Miller Bobby (BER)"]
[Result "1-0"]
[WhiteElo "2260"]
[BlackElo "1692"]

1.d4 Nf6 2.c4 d6 3.Nc3 Bf5 4.f3 Nbd7 5.e4 Bg6 6.Be3 e6 7.Nge2 Be7 8.Qd2 O-O
9.h4 a6 10.g4 h6 11.Nf4 e5 12.Ng2 Kh8 13.d5 c6 14.g5 hxg5 15.hxg5+ Nh7 16.Nh4
Kg8 17.Bh3 Nxg5 18.Bxd7 Nxe4 19.Nxg6 fxg6 20.Be6+ Rf7 21.Nxe4 {#r} 1-0

[Event "Ch City"]
[Site "Rio de Janeiro (Brazil)"]
[Date "1996.11.19"]
[Round "4"]
[White "Teixeira Ricardo Da Silva (BRA)"]
[Black "Silver Albert W (BRA)"]
[Result "1-0"]
[WhiteElo "2330"]
[BlackElo "2149"]

1.d4 Nf6 2.c4 d6 3.Nc3 Bf5 4.f3 e5 5.e4 exd4 6.Qxd4 Nc6 7.Qd2 Be6 8.b3 Be7
9.Bb2 O-O 10.Nge2 Nd7 11.Nd5 Bxd5 12.cxd5 Nce5 13.Nd4 a5 14.Be2 Nc5 15.O-O Bf6
16.Rae1 g6 17.f4 Ned7 18.Bf3 Re8 19.Re2 Re7 20.Rfe1 Qe8 21.g3 Nb6 22.Qc2 a4
23.e5 axb3 24.Nxb3 Rxa2 25.Nxc5 dxc5 26.Qb3 {#r} 1-0

[Event "It (open)"]
[Site "Andorra"]
[Round "3"]
[White "Van Der Werf Mark (NED)"]
[Black "Georgiev Vladimir (MKD)"]
[Result "0-1"]
[WhiteElo "2410"]
[BlackElo "2525"]

1.d4 Nf6 2.c4 d6 3.Nc3 Bf5 4.f3 e5 5.d5 e4 6.Qd4 Bg6 7.Nh3 Na6 8.fxe4 Nb4
9.Qd1 a5 10.Nf2 Be7 11.g3 Nd7 12.Bg2 Bf6 13.Bd2 h5 14.Rb1 Ne5 15.a3 Na6 16.Nd3
h4 17.Bf4 Qe7 18.Nxe5 Bxe5 19.Bxe5 Qxe5 20.Qd3 Nc5 21.Qe3 Kf8 22.O-O hxg3
23.hxg3 Re8 24.Rf4 Kg8 25.b4 axb4 26.axb4 Nd7 27.Ra1 Qg5 28.Nb5 Ne5 29.Rc1 Ng4
30.Qf3 Rxe4 31.Rc3 Nf6 32.Nxc7 Qe5 33.Rc1 Re3 34.Qf2 Rxe2 35.Qd4 Re1+ 36.Rxe1
Qxe1+ 37.Rf1 Qxg3 38.Rf3 Qh2+ 39.Kf1 Rh4 40.Qc3 Be4 {#R} 0-1

[Event "Staatsliga 1996/97"]
[Site "Austria"]
[Round "0"]
[White "Peterlunger Erich"]
[Black "Amann Harald (AUT)"]
[Result "0-1"]
[WhiteElo "1950"]
[BlackElo "2155"]

1.c4 d6 2.d4 Nf6 3.Nc3 Bf5 4.f3 c6 5.e4 Bg6 6.Nge2 e5 7.dxe5 dxe5 8.Qxd8+ Kxd8
9.Be3 Nbd7 10.Rd1 Kc7 11.Nc1 Be7 12.Nd3 Rhd8 13.g3 Ne8 14.Bh3 f6 15.O-O Bf7
16.b3 b6 17.f4 exf4 18.Bxf4+ Kb7 19.Kg2 Nc5 20.Nxc5+ Bxc5 21.Bg4 h5 22.Bf5 Nd6
23.Bh3 Bb4 24.Bxd6 Bxd6 25.Ne2 Kc7 26.Nd4 Be5 27.Nf3 Rxd1 28.Rxd1 Rd8 29.Rxd8
Kxd8 30.Nxe5 fxe5 31.Kf2 Ke7 32.Ke3 Kd6 33.Kd2 a5 34.Kc3 Kc5 35.a3 Kd6 36.Bf5
Be8 37.b4 axb4+ 38.axb4 c5 39.b5 Ke7 40.Bc8 h4 41.Bb7 Bh5 42.Kd3 hxg3 43.hxg3
Bg4 44.Bd5 Bh3 45.Ke3 Kf6 46.Kf2 Kg5 47.Bf7 Bg4 48.Bd5 Bd1 49.Be6 Bc2 50.Bd5
Bd3 51.Ke3 Bc2 52.Be6 Bb1 53.Bd5 Kg4 54.Kf2 Kh3 55.Be6+ Kh2 56.Kf3 Bc2 57.Bf5
Kg1 58.Be6 Bd1+ 59.Ke3 Kg2 60.g4 g5 61.Kd2 Bf3 62.Ke3 Kg3 {#R} 0-1

[Event "Ch Belgium (team) 1997/98"]
[Site "Belgium"]
[Round "2"]
[White "Johannes Alex (BEL)"]
[Black "Meulders Richard (BEL)"]
[Result "1-0"]
[WhiteElo "2196"]
[BlackElo "2295"]

1.d4 Nf6 2.c4 d6 3.Nc3 Bf5 4.f3 e5 5.e4 exd4 6.Qxd4 Nc6 7.Qf2 Be6 8.Be3 Be7
9.O-O-O O-O 10.Kb1 a6 11.g4 Ne5 12.Nd5 b5 13.Nxe7+ Qxe7 14.c5 Rfd8 15.cxd6
Rxd6 16.Rxd6 Qxd6 17.Be2 Bc4 18.Nh3 Nd3 19.Bxd3 Qxd3+ 20.Ka1 Rd8 21.Rc1 Rd7
22.Nf4 Qd6 23.b3 Be6 24.Qb2 Qb4 25.Nxe6 fxe6 26.Qe5 Qd6 27.Qxd6 Rxd6 28.Kb2 b4
29.Rxc7 Rd3 30.Bc5 Rxf3 31.Rc8+ Kf7 32.Rf8+ Kg6 33.e5 Rh3 34.exf6 Rxh2+ 35.Kb1
Rh1+ 36.Kc2 Rh2+ 37.Kb1 Rh1+ 38.Kc2 Rh2+ 39.Kd3 gxf6 40.Bxb4 Rxa2 41.Bd2 Ra3
42.Kc3 Ra1 43.Ra8 e5 44.g5 fxg5 45.Rg8+ Kf5 46.Rxg5+ Ke4 47.Rg4+ Kd5 48.Rh4 a5
49.Kb2 Rf1 50.Rxh7 a4 51.bxa4 Rf2 52.Kb3 e4 53.Re7 Rf3+ 54.Bc3 e3 55.a5 e2
56.Rxe2 Kc6 57.Re7 Kb5 58.Re6 Rd3 59.Rb6+ Kc5 60.Rb8 Rd7 61.Ka4 Kc6 62.a6 Ra7
63.Ka5 Kc7 64.Be5+ Kc6 65.Rc8+ Kd7 66.Rc3 Ra8 67.Kb6 {#r} 1-0

[Event "It (open)"]
[Site "Benasque (Spain)"]
[Round "5"]
[White "Tella Jussi (FIN)"]
[Black "Ubilava Elizbar (ESP)"]
[Result "0-1"]
[WhiteElo "2375"]
[BlackElo "2520"]

1.d4 Nf6 2.c4 d6 3.Nc3 Bf5 4.f3 e5 5.e4 exd4 6.Qxd4 Nc6 7.Qd2 Be6 8.b3 g6
9.Bb2 Bg7 10.Bd3 O-O 11.Nge2 a5 12.O-O Nd7 13.Rad1 Nc5 14.Nf4 a4 15.Ncd5 Ne5
16.Bxe5 dxe5 17.Nxe6 fxe6 18.Ne3 axb3 19.axb3 Qd4 20.b4 Na4 21.Rf2 Bh6 22.Nc2
Bxd2 23.Nxd4 Be3 24.Nxe6 Nb2 {#R} 0-1

[Event "Ch Hungary (team) 1997/98 (2 liga)"]
[Site "Hungary"]
[Round "0"]
[White "Horvath Jozsef M (HUN)"]
[Black "Gyurkovics Miklos (HUN)"]
[Result "0-1"]
[WhiteElo "2104"]
[BlackElo "2135"]

1.d4 Nf6 2.c4 d6 3.Nc3 Bf5 4.f3 e5 5.dxe5 dxe5 6.Qxd8+ Kxd8 7.e4 Be6 8.Bg5 c6
9.a3 Nd7 10.Rd1 h6 11.Be3 Kc7 12.Na4 Nb6 13.Nxb6 axb6 14.Bd3 Bc5 15.Bc1 b5
16.b4 Bxg1 17.Rxg1 Bxc4 18.Bb2 Rhe8 19.Ke2 Nd7 20.Rd2 Nb6 21.Rgd1 Re7 22.Kf2
f6 23.Bc2 Be6 24.Rd3 Rd7 25.Rxd7+ Nxd7 26.h4 b6 27.g4 c5 28.Ra1 Nb8 29.g5 hxg5
30.hxg5 Nc6 31.Bd3 Rd8 32.Ke3 Bc4 33.Bxc4 bxc4 34.bxc5 Rd3+ 35.Ke2 b5 36.gxf6
gxf6 37.a4 Rb3 38.Bc1 Nd4+ 39.Kf2 b4 40.a5 Kb7 41.a6+ Ka7 42.Be3 Rxe3 {#R} 0-1

[Event "It (open) \"]
[Site "Leipzig (Germany)"]
[Round "2"]
[White "Hillmann Ralf (GER)"]
[Black "Zehner Birte (GER)"]
[Result "1-0"]
[WhiteElo "1973"]
[BlackElo "1549"]

1.d4 Nf6 2.c4 d6 3.Nc3 Bf5 4.f3 Nbd7 5.e4 Bg6 6.Nh3 e5 7.d5 Be7 8.Be3 c6 9.Bd3
Qc7 10.Nf2 O-O 11.O-O Nc5 12.b4 Nxd3 13.Qxd3 Nd7 14.Nh3 f5 15.Ng5 Bxg5 16.Bxg5
f4 17.Bh4 Nf6 18.Bf2 Be8 19.c5 Rd8 20.cxd6 Qb8 21.Rfd1 b6 22.dxc6 Bxc6 {#r}
1-0

[Event "It (open)"]
[Site "Metz (France)"]
[Round "3"]
[White "Alet Jean-Pierre (FRA)"]
[Black "Steininger Denis (FRA)"]
[Result "1-0"]
[WhiteElo "2200"]
[BlackElo "1948"]

1.c4 Nf6 2.Nc3 d6 3.d4 Bf5 4.f3 e5 5.e4 exd4 6.Qxd4 Nc6 7.Qd1 Be6 8.b3 Be7
9.Nge2 Nd7 10.g3 Bf6 11.Be3 O-O 12.Rc1 Be7 13.Bg2 f5 14.Nf4 Bf7 15.exf5 Re8
16.Nfd5 Bg5 17.Kf2 Bxe3+ 18.Nxe3 Bh5 19.Re1 Nde5 20.Ncd5 a5 21.a3 Qd7 22.Qd2
Rf8 23.h3 Be8 24.f4 Rxf5 25.Kg1 Rg5 26.fxg5 Qxh3 27.Bxh3 Nf3+ 28.Kh1 Nxd2 {#r}
1-0

[Event "Ch Yugoslavia (team) (w)"]
[Site "Niksic (Yugoslavia)"]
[Round "8"]
[White "Miloradovic Jelena (SRB)"]
[Black "Petrovic Marija (SRB)"]
[Result "1/2-1/2"]
[WhiteElo "2105"]
[BlackElo "2300"]

1.c4 Nf6 2.Nc3 d6 3.d4 Bf5 4.f3 e5 5.e4 exd4 6.Qxd4 Nc6 7.Qe3 Be6 8.b3 Nb4
9.Bd3 Nxd3+ 10.Qxd3 c6 11.Nge2 d5 12.cxd5 cxd5 13.Qb5+ Qd7 14.e5 Ng8 15.Be3 a6
16.Qxd7+ Kxd7 17.Rd1 Bb4 18.Kf2 Ne7 19.Na4 Rae8 20.Nf4 b5 21.Nc5+ Bxc5 22.Bxc5
Rc8 23.b4 g5 24.Nh5 Ng6 25.Rhe1 Kc6 26.Rd2 a5 27.a3 axb4 28.axb4 Ra8 29.Nf6 h6
30.Bd6 Rhc8 31.Rc1+ Kb7 32.Rcd1 Rc4 33.Nxd5 Bxd5 34.Rxd5 Ra2+ 35.R1d2 Kc6
36.g3 Rcc2 37.Ke3 Rxd2 38.Rxd2 Rxd2 39.Kxd2 f6 40.f4 gxf4 41.gxf4 Nxf4 42.Bf8
fxe5 43.Bxh6 Nh5 44.Bf8 Kd5 45.Ke3 Ke6 46.Kf3 Kf5 47.Be7 Nf4 48.Bf8 Nd5 49.Bc5
e4+ 50.Ke2 Ke5 51.Kf2 Nf6 52.Kg3 Kf5 53.Kf2 Ng4+ 54.Kg3 Ne5 55.Bd6 Nd7 56.Bc7
Nf6 57.Bd6 Nh5+ 58.Kf2 Ke6 59.Bc5 Nf4 60.Ke3 Kf5 61.Bd6 Nd3 62.Kd4 Nf4 63.Ke3
Ne6 64.Ke2 Nd4+ 65.Ke3 Nc2+ 66.Kd2 Na3 67.Ke2 Nc4 68.Bc5 Kf4 69.Ba7 Ke5 70.Kf2
Nb2 71.Ke3 Kd5 72.Bc5 Nd3 73.Be7 Ne5 74.h4 Nc6 75.Bf8 Nd4 76.h5 Ne6 77.Bh6 Ke5
78.Kd2 Kf6 79.Ke3 Kf5 80.Ke2 Nd4+ 81.Kd2 Nf3+ 82.Ke3 Ne5 83.Bg7 Ng4+ 84.Ke2
Kg5 85.h6 Kg6 86.Kd2 Nf6 87.Ke3 Nd5+ {#d} 1/2-1/2

[Event "It (seniors)"]
[Site "Ozery (Russia)"]
[Round "3"]
[White "Alkhanishvili Otar (GEO)"]
[Black "Gruzmann Boris (RUS)"]
[Result "0-1"]
[WhiteElo "2060"]
[BlackElo "2265"]

1.d4 Nf6 2.c4 d6 3.Nc3 Bf5 4.f3 e5 5.dxe5 dxe5 6.Qxd8+ Kxd8 7.Bg5 Be7 8.e4 Be6
9.O-O-O+ Nbd7 10.g3 h6 11.Be3 c6 12.Nh3 Kc7 13.Nf2 Rhd8 14.b3 Bc5 15.Bxc5 Nxc5
16.Be2 Rxd1+ 17.Rxd1 g5 18.Kd2 a5 19.Ke3 Rg8 20.g4 h5 21.h3 Rh8 22.Rg1 h4
23.Nd3 Nxd3 24.Bxd3 Rd8 25.Rc1 Ng8 26.Nd5+ Kb8 27.Nb6 Ne7 28.a3 Ng6 29.b4 Nf4
30.Bf1 axb4 31.axb4 Kc7 32.c5 Rd4 33.Rb1 Kd8 34.Na4 Bc4 35.Bxc4 Rxc4 36.Rd1+
Ke8 37.Rd2 Rxb4 38.Nb6 Rb3+ 39.Kf2 Nxh3+ 40.Kg2 Nf4+ 41.Kf2 Nd3+ 42.Kg2 Nxc5
43.Nc4 Nd3 44.Kh2 b5 45.Na5 Rb2 46.Rxb2 Nxb2 47.Nxc6 f6 48.Nb4 Kd7 49.Nd5 Nd3
50.Nxf6+ Kc6 51.f4 Nxf4 {#R} 0-1

[Event "Ch Paulista"]
[Site "Santos (Brazil)"]
[Round "5"]
[White "De Souza Mauro (BRA)"]
[Black "Trois Francisco R T (BRA)"]
[Result "1/2-1/2"]
[WhiteElo "2405"]
[BlackElo "2345"]

1.d4 Nf6 2.c4 d6 3.Nc3 Bf5 4.f3 e5 5.d5 e4 6.Bg5 exf3 7.Nxf3 Be7 8.g3 h6 9.Bd2
Nbd7 10.Bg2 O-O 11.O-O Re8 12.Nh4 Bh7 13.Nf5 Bf8 14.e4 Ne5 15.Qe2 Bxf5 16.Rxf5
g6 17.Rff1 Bg7 18.h3 Qe7 19.g4 Kh7 20.Rae1 Nfd7 21.Nb5 Nb6 22.b3 a6 23.Nc3 Bf6
24.Nd1 Bh4 25.Nf2 Nbd7 26.Rd1 Rf8 27.Bc3 Bf6 28.Bd2 {#d} 1/2-1/2

[Event "It"]
[Site "Tampere (Finland)"]
[Round "6"]
[White "Sammalvuo Tapani (FIN)"]
[Black "Kallio Heikki (FIN)"]
[Result "1/2-1/2"]
[WhiteElo "2370"]
[BlackElo "2270"]

1.d4 Nf6 2.c4 d6 3.Nc3 Bf5 4.f3 e5 5.e4 exd4 6.Qxd4 Nc6 7.Qd2 Be6 8.b3 Be7
9.Bd3 O-O 10.Nge2 Nd7 11.O-O Nc5 12.Bc2 a5 13.Bb2 Nb4 14.Nd5 Bxd5 15.cxd5 Bf6
16.Nd4 c6 17.dxc6 bxc6 18.Bc3 Ne6 19.Nf5 c5 20.a3 Nxc2 21.Qxc2 g6 22.Nh6+ Kh8
23.Bxf6+ Qxf6 24.Ng4 Qg5 {#d} 1/2-1/2

[Event "It (open) \"]
[Site "Athens (Greece)"]
[Round "6"]
[White "Koukouvinos V"]
[Black "Khetsuriani Besarion (GEO)"]
[Result "0-1"]
[WhiteElo "1785"]
[BlackElo "2320"]

1.d4 Nf6 2.c4 d6 3.Nc3 Bf5 4.f3 e5 5.e4 exd4 6.Qxd4 Be6 7.Be3 Nc6 8.Qd2 Ne5
9.b3 h6 10.Nge2 g5 11.Nd4 Bg7 12.Rd1 a6 13.Be2 O-O 14.h4 Nh7 15.f4 gxf4
16.Bxf4 Qf6 17.g3 Nc6 18.Be3 Qe5 19.Rg1 Nf6 20.Nxe6 fxe6 21.Bf4 Qa5 22.Rc1 Qc5
23.Be3 Qe5 24.Bf4 Qd4 25.Qxd4 Nxd4 26.Bd1 Nd7 27.Rg2 Ne5 28.Kd2 b5 29.Ke3 c5
30.Nb1 bxc4 31.bxc4 Rab8 32.Nd2 Rb2 33.g4 Rxf4 34.Kxf4 Nd3+ 35.Ke3 Nxc1 36.g5
hxg5 37.hxg5 Rxa2 38.Rf2 Ra3+ {#R} 0-1

[Event "It (open) \"]
[Site "Berlin (Germany)"]
[Round "4"]
[White "Witthus Frank (GER)"]
[Black "Moehring Guenther (GER)"]
[Result "1-0"]
[WhiteElo "2213"]
[BlackElo "2275"]

1.d4 Nf6 2.c4 d6 3.Nc3 Bf5 4.f3 e5 5.Bg5 Be7 6.e4 exd4 7.Qxd4 Nc6 8.Qd2 Be6
9.Bd3 Ne5 10.b3 O-O 11.Nge2 c6 12.Bc2 Nh5 13.Bxe7 Qxe7 14.O-O f5 15.f4 Ng4
16.exf5 Bd7 17.Rf3 Rae8 18.h3 Ne3 19.g4 Nf6 20.Kf2 Nxc2 21.Qxc2 c5 22.g5 Ne4+
23.Qxe4 Qxe4 24.Nxe4 Rxe4 25.Rd1 Bxf5 26.Rxd6 Bg6 27.Re3 Rxe3 28.Kxe3 Re8+
29.Kf2 Bf5 30.h4 Bg4 31.Nc3 Re6 32.Rd8+ Kf7 33.Rd5 b6 34.f5 Re7 35.Kg3 Bh5
36.Kf4 Kf8 37.Ne4 Be8 38.Rd8 Rd7 39.Rxd7 Bxd7 40.f6 Be8 41.Ke5 Bg6 42.Nc3 Kf7
43.fxg7 Kxg7 44.Ne4 Kf8 45.a4 a5 46.Kd5 Kg7 47.Nd2 Bf5 48.Kc6 Kg6 49.Kxb6 Kh5
50.Kxa5 Kxh4 51.Kb6 Kxg5 52.Kxc5 h5 53.a5 Bc8 54.Kb6 Kf4 55.a6 {#r} 1-0

[Event "It (open) (a)"]
[Site "Eforie Nord (Romania)"]
[Round "0"]
[White "Orlinkov Maxim L (RUS)"]
[Black "Titu Maiorescu Dorin (ROM)"]
[Result "1-0"]
[WhiteElo "2349"]
[BlackElo "2280"]

1.d4 Nf6 2.c4 d6 3.Nc3 Bf5 4.f3 e5 5.e4 exd4 6.Qxd4 Nc6 7.Qd2 Be6 8.b3 g6
9.Bb2 Bg7 10.O-O-O O-O 11.g4 a6 12.Kb1 Nd7 13.h4 h6 14.g5 h5 15.f4 Nd4 16.Nge2
Nxe2 17.Bxe2 f5 18.gxf6 Nxf6 19.Bd3 Ng4 20.Rdf1 c6 21.f5 Bf7 22.Be2 b5 23.Bxg4
hxg4 24.f6 Bh8 25.h5 Bxf6 26.Rxf6 Qxf6 27.Nd5 Bxd5 28.Bxf6 Bxe4+ 29.Kb2 Rxf6
30.Qd4 Re6 31.h6 Re5 32.Qxd6 Bxh1 33.Qxg6+ Kf8 34.Qf6+ Ke8 35.Qxe5+ {#r} 1-0

[Event "Olympiad"]
[Site "Elista (Russia)"]
[Round "2"]
[White "Harewood Othneil (BAR)"]
[Black "Khakpoor Abbas (IRI)"]
[Result "0-1"]
[WhiteElo "1916"]
[BlackElo "2290"]

1.d4 Nf6 2.c4 d6 3.Nc3 Bf5 4.f3 e5 5.dxe5 dxe5 6.Qxd8+ Kxd8 7.e4 Be6 8.Bg5 c6
9.a3 Kc7 10.b4 a5 11.b5 Nbd7 12.Be3 Bc5 13.Kf2 Bxe3+ 14.Kxe3 Nc5 15.Rb1 Rad8
16.Nh3 Rd4 17.Ng5 Bxc4 18.Bxc4 Rxc4 19.Rhc1 Rd8 20.Na2 Rd3+ 21.Ke2 Rxc1
22.Rxc1 Rxa3 23.Rxc5 Rxa2+ 24.Kf1 Nd7 25.Rc1 a4 26.Nxf7 a3 27.bxc6 bxc6 28.Rc3
c5 29.f4 exf4 30.e5 Kc6 31.Rd3 Ra1+ 32.Kf2 a2 33.Ra3 Kd5 34.Ra5 Ke6 {#R} 0-1

[Event "Cup Matra (open)"]
[Site "Gyongyos (Hungary)"]
[Round "5"]
[White "Kiraly Istvan (HUN)"]
[Black "Gyurkovics Miklos (HUN)"]
[Result "0-1"]
[WhiteElo "2107"]
[BlackElo "2135"]

1.d4 Nf6 2.c4 d6 3.Nc3 Bf5 4.f3 e5 5.dxe5 dxe5 6.Qxd8+ Kxd8 7.e4 Be6 8.Be3 c6
9.a3 Nbd7 10.Rd1 Kc7 11.Rc1 Bc5 12.Bxc5 Nxc5 13.Nd5+ Kb8 14.Ne3 Rd8 15.Rc3 a5
16.g4 h5 17.g5 Ng8 18.h4 Ne7 19.Be2 Ng6 20.Ng2 Kc7 21.Nh3 Rd4 22.Nf2 Rad8
23.Rc2 Nb3 24.Nd1 Rd2 25.Rxd2 Rxd2 26.f4 exf4 27.Rf1 Rxe2+ 28.Kxe2 Bxc4+
29.Kf2 Bxf1 30.Kxf1 Nd2+ 31.Kf2 Nxe4+ 32.Kf3 Nd2+ {#R} 0-1

[Event "It (open) \"]
[Site "Hawaii (USA)"]
[Round "3"]
[White "Whitehead Jay E (USA)"]
[Black "Schiller Eric (USA)"]
[Result "1-0"]
[WhiteElo "2407"]
[BlackElo "2190"]

1.d4 d6 2.c4 Nf6 3.Nc3 Bf5 4.f3 e5 5.e4 exd4 6.Qxd4 Be6 7.b3 Nc6 8.Qd2 Be7
9.Bb2 O-O 10.Nge2 Nd7 11.Nd5 Bh4+ 12.g3 Nce5 13.Bg2 Bxd5 14.cxd5 Bf6 15.O-O a5
16.Rac1 a4 17.f4 axb3 18.fxe5 Bg5 19.Nf4 dxe5 20.axb3 exf4 21.gxf4 Bh6 22.Qc3
Ra2 23.Ra1 Rxa1 24.Rxa1 Nf6 25.Qf3 c6 26.Bxf6 Qxf6 27.e5 Qd8 28.d6 Qb6+ 29.Kh1
Qd4 30.Qe4 Qd2 31.b4 g6 32.f5 Qe3 33.Qh4 Bg5 34.Qg4 h5 35.Qc4 Qxe5 36.fxg6 Bf6
37.d7 Qd6 38.gxf7+ Rxf7 39.Bh3 Kf8 40.Be6 b5 41.Qc5 {#r} 1-0

[Event "Ch Russia (seniors)"]
[Site "Sochi (Russia)"]
[Round "3"]
[White "Gumerov Renant (RUS)"]
[Black "Gruzmann Boris (RUS)"]
[Result "1-0"]
[WhiteElo "2102"]
[BlackElo "2260"]

1.d4 Nf6 2.c4 d6 3.Nc3 Bf5 4.f3 e5 5.e4 exd4 6.Qxd4 Nc6 7.Qd2 Be6 8.b3 g6
9.Bb2 Bg7 10.O-O-O a5 11.Kb1 O-O 12.g4 Ne5 13.h3 a4 14.f4 Nc6 15.f5 Bc8 16.g5
Nxe4 17.Nxe4 Bxf5 18.Bd3 Bxe4 19.Bxe4 axb3 20.axb3 Bxb2 21.Kxb2 Qe8 22.Bxc6
Qxc6 23.Ne2 Qc5 24.Nc3 Qa3+ 25.Kc2 Qc5 26.Qd5 Qe3 27.Rde1 Qf2+ 28.Re2 Ra2+
29.Nxa2 Qxe2+ 30.Kb1 c6 31.Nc1 Qe3 32.Qg2 f6 33.gxf6 Rxf6 34.Qe2 Rf3 35.Qxe3
Rxe3 36.Kc2 Kf7 37.h4 Ke6 38.Kd2 Rg3 39.Rh2 d5 40.Ne2 Rg4 41.cxd5+ Kxd5 42.h5
c5 43.hxg6 hxg6 44.Rh8 b5 45.Nc3+ Ke5 46.Re8+ Kf6 47.Rc8 Rg2+ 48.Ne2 Rg5 {#r}
1-0

[Event "Tournament (scheveningen)"]
[Site "Belgrade (Yugoslavia)"]
[Round "11"]
[White "Djuric Vesna (SRB)"]
[Black "Stankovic Tatjana (SRB)"]
[Result "1/2-1/2"]
[WhiteElo "2076"]
[BlackElo "2006"]

1.d4 Nf6 2.c4 d6 3.Nc3 Bf5 4.f3 c6 5.e4 Bg6 6.Nh3 Nbd7 7.Be3 e5 8.d5 Be7 9.Be2
O-O 10.Qd2 Qc8 11.Nf2 Ne8 12.O-O f5 13.exf5 Bxf5 14.Bd3 Bxd3 15.Qxd3 Nef6
16.Nce4 cxd5 17.Nxf6+ Nxf6 18.cxd5 Qd7 19.Rac1 a6 20.Ne4 Rac8 21.Nxf6+ Bxf6
22.b3 b5 23.Qd2 Qb7 24.Rfd1 Rfe8 25.Qd3 g6 26.Rxc8 Rxc8 27.Rc1 Rxc1+ 28.Bxc1
Bd8 29.Be3 {#d} 1/2-1/2

[Event "Tournament (team) \"]
[Site "Buenos Aires (Argentina)"]
[Round "3"]
[White "Perdomo Leandro (ARG)"]
[Black "Vega Fabian (ARG)"]
[Result "0-1"]
[WhiteElo "2226"]
[BlackElo "2280"]

1.d4 Nf6 2.c4 d6 3.Nc3 Bf5 4.f3 e6 5.e4 Bg6 6.Be3 c6 7.Bd3 d5 8.cxd5 cxd5
9.Bb5+ Nc6 10.e5 Nd7 11.a3 a6 12.Bd3 Bxd3 13.Qxd3 f6 14.f4 fxe5 15.dxe5 d4
16.Bxd4 Nc5 {#R} 0-1

[Event "It (cat.5)"]
[Site "Escaldes (Andorra)"]
[Round "7"]
[White "Chabanon Jean-Luc (FRA)"]
[Black "Ivanov Jordan (BUL)"]
[Result "0-1"]
[WhiteElo "2456"]
[BlackElo "2404"]

1.d4 Nf6 2.c4 d6 3.Nc3 Bf5 4.f3 e5 5.e4 exd4 6.Qxd4 Nc6 7.Qd2 Be6 8.b3 g6
9.Nge2 Bg7 10.Bb2 O-O 11.g3 Ne5 12.Bg2 Bh3 13.O-O Bxg2 14.Kxg2 a6 15.Rad1 b5
16.Nd5 bxc4 17.Bxe5 dxe5 18.bxc4 c6 19.Ndc3 Qa5 20.Nd5 Qd8 21.Ndc3 Qa5 22.Qd6
Rac8 23.Rb1 Rfd8 24.Qb4 Qxb4 25.Rxb4 Nd7 26.Rd1 Bf8 27.Rb7 Nc5 28.Rxd8 Rxd8
29.Rc7 Rd6 30.h4 h5 31.f4 Bg7 32.Rc8+ Kh7 33.Rc7 Kg8 34.Rc8+ Kh7 35.Rc7 exf4
36.gxf4 Bxc3 37.Nxc3 Rd2+ 38.Kf1 Rd3 39.Rxc6 Rxc3 40.Rxc5 Rf3+ 41.Kg2 Rxf4
42.Re5 Rxh4 43.Re7 Kg7 44.c5 Rg4+ 45.Kf3 Rg5 46.e5 Kf8 47.Ra7 Rxe5 48.c6 Rc5
49.Rxa6 Kg7 50.Ke4 h4 51.Kd4 Rc1 {#R} 0-1

[Event "Oberliga North 1998/99"]
[Site "Germany"]
[Round "0"]
[White "Cording Thomas (GER)"]
[Black "Schulze Sven (GER)"]
[Result "1/2-1/2"]
[WhiteElo "2170"]
[BlackElo "2196"]

1.d4 Nf6 2.c4 d6 3.Nc3 Bf5 4.f3 Nbd7 5.e4 Bg6 6.Bd3 e5 7.d5 Be7 8.Nge2 Nc5
9.Bc2 a5 10.Be3 Nfd7 11.Qd2 c6 12.O-O O-O 13.Ng3 Na6 14.Rac1 Rb8 15.a3 Nb6
16.b3 Nd7 17.Rb1 Rc8 18.Rfc1 Nc7 19.b4 Na6 20.Bd3 axb4 21.axb4 c5 22.b5 Nb4
23.Ra1 Ra8 24.Be2 Nb6 25.Na2 Nxa2 26.Rxa2 Rxa2 27.Qxa2 Qa8 28.Ra1 Qxa2 29.Rxa2
Ra8 30.Rxa8+ {#d} 1/2-1/2

[Event "It (open)"]
[Site "Helsinki (Finland)"]
[Round "3"]
[White "Aaltio Erkki (FIN)"]
[Black "Andersson Johan (SWE)"]
[Result "1/2-1/2"]
[WhiteElo "2133"]
[BlackElo "2182"]

1.d4 Nf6 2.c4 d6 3.Nc3 Bf5 4.f3 e5 5.dxe5 dxe5 6.Bg5 Nbd7 7.Nd5 c6 8.Nxf6+
Nxf6 9.Qb3 Qc7 10.e4 Be6 11.a3 Nd7 12.Qc2 a5 13.Ne2 Nc5 14.Rd1 Be7 15.Bxe7
Qxe7 16.Nc3 O-O 17.Be2 a4 18.Qd2 Nb3 19.Qe3 Nd4 20.Rc1 {#d} 1/2-1/2

[Event "Cup NRW"]
[Site "Senden (Germany)"]
[Round "1"]
[White "Freise Eckhard (GER)"]
[Black "Moehring Guenther (GER)"]
[Result "0-1"]
[WhiteElo "2034"]
[BlackElo "2296"]

1.d4 Nf6 2.c4 d6 3.Nc3 Bf5 4.f3 e5 5.dxe5 dxe5 6.Qxd8+ Kxd8 7.e4 Be6 8.Bg5 c6
9.O-O-O+ Kc7 10.g3 Na6 11.Bh3 Bxc4 12.Bxf6 gxf6 13.Rd7+ Kb6 14.b3 Nc5 15.bxc4
Nxd7 16.Bxd7 Kc5 17.Nge2 Kxc4 18.Kc2 Rd8 19.Rd1 Bc5 20.Nb1 Bd4 21.Nd2+ Kc5
22.Nb3+ Kb6 23.Nbxd4 Rxd7 24.Nf5 Rxd1 25.Kxd1 Kc5 26.Kc2 b5 27.a3 a5 28.Nc1
Rd8 29.h4 Kb6 30.h5 c5 31.Ne3 c4 32.Nd5+ Rxd5 33.exd5 b4 34.Ne2 f5 35.axb4
axb4 36.f4 f6 37.Kd2 Kc5 38.Ke3 Kxd5 39.h6 c3 40.Kd3 e4+ 41.Kc2 Kc4 42.Nc1 e3
43.Ne2 b3+ 44.Kd1 c2+ {#R} 0-1

[Event "Ch Rheinhessen (open)"]
[Site "Woerrstadt (Germany)"]
[Round "7"]
[White "Hegermann Frank (GER)"]
[Black "Baitinger Michael (GER)"]
[Result "1/2-1/2"]
[WhiteElo "2151"]
[BlackElo "2159"]

1.d4 Nf6 2.c4 d6 3.Nc3 Bf5 4.f3 Nbd7 5.e4 Bg6 6.Bd3 e5 7.Nge2 Be7 8.O-O exd4
9.Nxd4 Nc5 10.Bc2 a5 11.Be3 O-O 12.Qd2 c6 13.Rfd1 Qc7 14.Qf2 h6 15.Nb3 Nfd7
16.Bf4 b6 17.Qg3 Ne5 18.Nxc5 bxc5 19.Bxe5 dxe5 20.Na4 Rfd8 21.Qf2 {#d} 1/2-1/2

[Event "Bayern Regionalliga Northeast 1999/00"]
[Site "Germany"]
[Round "1"]
[White "Kampmann Lutz"]
[Black "Gross Stefan (CZE)"]
[Result "0-1"]
[WhiteElo "2170"]
[BlackElo "2357"]

1.d4 Nf6 2.c4 d6 3.Nc3 Bf5 4.f3 e5 5.d5 h6 6.e4 Bh7 7.Bd3 Be7 8.Nge2 Nfd7
9.Be3 a5 10.a3 Na6 11.O-O O-O 12.g4 Nac5 13.Bc2 Nb6 14.b3 a4 15.b4 Nxc4 16.Bf2
Nb3 17.Bxb3 axb3 18.Nb1 b2 19.Ra2 Bg5 20.Qd3 b5 21.Nec3 Qd7 22.Nxb5 c6 23.Qxc4
cxb5 24.Qd3 Bc1 25.Be1 h5 26.h3 hxg4 27.hxg4 Qa7+ 28.Kg2 Qd4 29.Qxd4 exd4
30.Bf2 d3 31.Rd1 d2 32.Be3 Rac8 33.Bxd2 Rc2 34.Kf2 f5 35.gxf5 Bxf5 36.Ke2 Bh3
37.Kd3 Rc4 38.f4 Re8 39.Re1 Rexe4 40.Rxe4 Bf5 {#R} 0-1

[Event "Ch Serbia"]
[Site "Kragujevac (Yugoslavia)"]
[Round "5"]
[White "Bodiroga Predrag (SRB)"]
[Black "Jovic Stanoje (SRB)"]
[Result "1/2-1/2"]
[WhiteElo "2433"]
[BlackElo "2372"]

1.d4 Nf6 2.c4 d6 3.Nc3 Bf5 4.f3 e5 5.e4 exd4 6.Nce2 Bd7 7.Nxd4 g6 8.Nge2 Bg7
9.Nc3 O-O 10.Be2 Nc6 11.Be3 Nxd4 12.Bxd4 Nh5 13.O-O Bxd4+ 14.Qxd4 Qg5 15.f4
Nxf4 16.Rxf4 Qxf4 17.Nd5 Qe5 18.Qxe5 dxe5 19.Nf6+ Kg7 20.Nxd7 Rfe8 21.Nc5 Red8
22.Nb3 a5 23.a4 c5 24.Rc1 b6 25.Rc2 Ra7 26.Kf2 Rad7 27.Ke3 f5 28.g3 Kf6 29.Rc1
Ke6 30.Rf1 Rf7 31.exf5+ gxf5 32.Bf3 e4 33.Be2 Ke5 34.Rf4 Rfd7 35.Nc1 Rd2 36.g4
Rxb2 37.Rxf5+ Ke6 38.Rf4 Rd4 39.h4 Rc2 40.Rf1 Ke5 41.Rf5+ Ke6 42.Rf1 Ke5
43.Rf5+ Ke6 {#d} 1/2-1/2

[Event "Ch Russia (juniors) (under 18)"]
[Site "Neftekamsk (Russia)"]
[Round "7"]
[White "Aleksandrov Danila (RUS)"]
[Black "Timagin Piotr (RUS)"]
[Result "1/2-1/2"]
[WhiteElo "2245"]
[BlackElo "2315"]

1.d4 Nf6 2.c4 d6 3.Nc3 Bf5 4.f3 e5 5.e4 exd4 6.Qxd4 Nc6 7.Qd2 Be6 8.b3 g6
9.Bb2 Bg7 10.Nge2 a6 11.g3 h5 12.Nd4 Nxd4 13.Qxd4 h4 14.g4 O-O 15.Qd2 Nh7
16.O-O-O g5 17.Nd5 Bxd5 18.Bxg7 Kxg7 19.exd5 Qf6 20.Bd3 b5 21.Bxh7 Kxh7 22.Qd4
Qxd4 23.Rxd4 Rae8 24.Re4 Rxe4 25.fxe4 c6 {#d} 1/2-1/2

[Event "It (open)"]
[Site "Recklinghausen (Germany)"]
[Round "5"]
[White "Ahling Michael (GER)"]
[Black "Trzaska Peter (GER)"]
[Result "1/2-1/2"]
[WhiteElo "2143"]
[BlackElo "2193"]

1.d4 Nf6 2.c4 d6 3.Nc3 Bf5 4.f3 e5 5.dxe5 dxe5 6.Qxd8+ Kxd8 7.e4 Be6 8.Bg5 c6
9.O-O-O+ Kc8 10.g3 Nbd7 11.Bh3 Bxh3 12.Nxh3 Nc5 13.Nf2 Ne6 14.Be3 Bc5 15.Bxc5
{#d} 1/2-1/2